| 000 | 00340nam a2200133Ia 4500 | ||
|---|---|---|---|
| 008 | 240624s9999 xx 000 0 und d | ||
| 041 | _aeng | ||
| 082 | _a332.63228 PAR | ||
| 100 | _aPARAMESWARAN SUNIL K | ||
| 245 | _aFUTURES AND OPTIONS | ||
| 260 |
_c2014 _aNew Delhi _bTata McGraw-Hill |
||
| 300 | _a553 : p. : cm. ; 28 | ||
| 365 |
_cRS _b33 |
||
| 999 |
_c25963 _d25963 |
||